00909nam a2200241Ia 4500001000600000003000900006008004100015040001300056040001300069041001300082100001800095100002900113245005000142245003200192250001100224260001000235260001000245260004900255300005700304500023200361650004300593650003100636G2490IT-RoPAU130308s9999 xx 000 0 und d aIT-RoPAU cIT-RoPAU aFRANCESE aDuhamel Alain gCodice Aut. SPICS: 54234 aEdouard Balladur ou le retour de l'autoritè bEtat de l'opinion 1994 (L') a1a ed. aPARIS bSeuil c1994 [1° Ed.:1994 - Ed.Ling.Originale:1994] a"18 p. (prefazione: no ; testo: 18 [pagine: 13-30])" aRitorno dell'Autorità. fenomeno Balladur Principale Fatto Politico Nuovo del 1993. Popolarità Maestosa. Figura di Autorità Democratica. nostalgia o Speranza? varie Tabelle di sondaggi su di Lui presso l'opinione Pubblica. aSOCIOLOGIA DELLA COMUNICAZIONE SOCIALE eCodice materia Spics: 3806